| 000 -ლიდერი |
| ფიქსირებული სიგრძის საკონტროლო ველი |
01523nam a2200301Ia 4500 |
| 001 - საკონტროლო ნომერი |
| საკონტროლო ველი |
20003 |
| 003 - საკონტროლო ნომრის იდენტიფიკატორი |
| საკონტროლო ველი |
GE_BSU |
| 005 - ბოლო ოპერაციის თარიღი და დრო |
| საკონტროლო ველი |
20250318170109.0 |
| 008 - ფიქსირებული სიგრძის მონაცემთა ელემენტები - ზოგადი ინფორმაცია |
| ფიქსირებული სიგრძის საკონტროლო ველი |
181216s1990||||ge |||||||||||||| ||geo|| |
| 040 ## - კატალოგიზაციის წყარო |
| Transcribing agency |
GE_BSU |
| 041 ## - ენის კოდი |
| Language code of text/sound track or separate title |
geo |
| 080 ## - უნივერსალური ათობითი კლასიფიკაციის ინდექსი |
| Universal Decimal Classification number |
82-93:821.111(73)-311.3 ტ-54 |
| 100 ## - მთავარი ჩანაწერი - პიროვნების სახელი |
| Personal name |
ტვენი, მარკ (1835-1910) |
| 9 (RLIN) |
16107 |
| 245 ## - ცნობა სათაურის შესახებ |
| Title |
ტომ სოიერის თავგადასავალი ; ჰეკლბერი ფინის თავგადასავალი ; უფლისწული და მათხოვარი : |
| Remainder of title |
[მოთხრობები] / |
| Statement of responsibility, etc |
მარკ ტვენი ; რედ. შ. დარახველიძე. |
| 264 ## - წარმოების, გამოცემის, დისტრიბუციის და სხვა ცნობები |
| გამოცემის, წარმოების, დისტრიბუციის... ადგილი |
თბილისი : |
| გამოცემის, წარმოების, დისტრიბუციის... სახელწოდება |
ნაკადული, |
| გამოცემის, წარმოების, დისტრიბუციის... თარიღი |
1990. |
| 300 ## - ფიზიკური აღწერა |
| Extent |
747გვ. : |
| Other physical details |
ილ. ; |
| Dimensions |
20 სმ. |
| 653 ## - INDEX TERM--UNCONTROLLED |
| Uncontrolled term |
მოთხრობები |
| 653 ## - INDEX TERM--UNCONTROLLED |
| Uncontrolled term |
ტომ სოიერის თავგადასავალი |
| 653 ## - INDEX TERM--UNCONTROLLED |
| Uncontrolled term |
ჰეკლბერი ფინის თავგადასავალი |
| 653 ## - INDEX TERM--UNCONTROLLED |
| Uncontrolled term |
უფლისწული და მათხოვარი |
| 700 ## - ADDED ENTRY--PERSONAL NAME |
| Personal name |
ჭელიძე, ვლ. |
| Relator term |
მთარგმნ. |
| 9 (RLIN) |
1641 |
| 700 ## - ADDED ENTRY--PERSONAL NAME |
| Personal name |
ყიფშიძე, გრ. |
| Relator term |
მთარგმნ. |
| 9 (RLIN) |
24610 |
| 700 ## - ADDED ENTRY--PERSONAL NAME |
| Personal name |
რაზიკაშვილი, ნ. |
| Relator term |
მთარგმნ. |
| 9 (RLIN) |
19520 |
| 700 ## - ADDED ENTRY--PERSONAL NAME |
| Personal name |
დიასამიძე, თ. |
| Relator term |
მთარგმნ. |
| 9 (RLIN) |
19453 |
| 710 ## - ADDED ENTRY--CORPORATE NAME |
| Corporate name or jurisdiction name as entry element |
|
| 9 (RLIN) |
24611 |
| 942 ## - ADDED ENTRY ELEMENTS (KOHA) |
| Koha item type |
წიგნი |
| Source of classification or shelving scheme |
|